| 000 | 00555nam a22002177a 4500 | ||
|---|---|---|---|
| 008 | 150701b xxu||||| |||| 00| 0 alb d | ||
| 020 | _a9789951417273 | ||
| 041 | 0 | _aalb | |
| 080 | _a070 | ||
| 100 | _aRugova, Bardh; | ||
| 245 |
_aGjuha e gazetave / _cBardh Rugova. |
||
| 250 | _a1st Edition | ||
| 260 |
_aPrishtinë : _bKoha, _c2009. |
||
| 300 |
_a252 f.: _c21 cm. |
||
| 500 | _aParathënie: f.xiii-xv | ||
| 505 | _aIndeksi: f.250-252 | ||
| 505 | _a Indeksi i emrave : f. 252 | ||
| 650 | 0 | _aGazetaria | |
| 650 | 0 | _aKomunikimi | |
| 942 |
_2udc _cBK |
||
| 999 |
_c1084 _d1084 |
||